Psicopedagogía del interés (Record no. 79519)

MARC details
000 -LEADER
campo de control de longitud fija 00503nam a2200145 i 4500
001 - NÚMERO DE CONTROL
campo de control 79519
003 - IDENTIFICADOR DE NÚMERO DE CONTROL
campo de control ES-MaACL
007 - CAMPO FIJO DE DESCRIPCIÓN FÍSICA--INFORMACIÓN GENERAL
campo de control de longitud fija t|
008 - DATOS DE LONGITUD FIJA--INFORMACIÓN GENERAL
campo de control de longitud fija 041021s1946 mx ||||1| spa d
100 1# - ENTRADA PRINCIPAL--NOMBRE DE PERSONA
Nombre de persona Hernández Ruiz, Santiago.
9 (RLIN) 63047
245 10 - MENCIÓN DEL TÍTULO
Título Psicopedagogía del interés
Resto del título : estudio histórico, crítico, psicológico /
Mención de responsabilidad, etc. por Santiago Hernández Ruiz.
260 ## - PUBLICACIÓN, DISTRIBUCIÓN, ETC.
Lugar de publicación, distribución, etc. México :
Nombre del editor, distribuidor, etc. Edit. Hispano-Americana,
Fecha de publicación, distribución, etc. 1946 (
Fabricante Manuel Altolaguirre)
300 ## - DESCRIPCIÓN FÍSICA
Extensión XV, 313 p. ;
Dimensiones 23 cm.
852 ## - LOCALIZACIÓN
Ubicación ES-MaACL
Número de control de estantería C-5902
Sublocalización o colección R.35219
Holdings
Estatus retirado Estado de pérdida Estado de daño No para préstamo Biblioteca de origen Biblioteca actual Ubicación en estantería Fecha de adquisición Fuente de adquisición Total de préstamos Signatura topográfica completa Código de barras Visto por última vez Precio de reemplazo Tipo de ítem Koha
        Biblioteca del Ateneo de Madrid Biblioteca del Ateneo de Madrid Sala Palomar 17/01/2008     C-5902 1083153 23/02/2023 23/02/2023 Libro impreso